Wahhabism : (Record no. 73998)
[ view plain ]
| 000 -LEADER | |
|---|---|
| fixed length control field | 00680nam a22002291a 4500 |
| 001 - CONTROL NUMBER | |
| control field | 73998 |
| 003 - CONTROL NUMBER IDENTIFIER | |
| rucl marc code | BD-RjUL |
| 005 - DATE AND TIME OF LATEST TRANSACTION | |
| control field | 20211209082454.0 |
| 008 - FIXED-LENGTH DATA ELEMENTS--GENERAL INFORMATION | |
| fixed length control field | 171217s2011 mr ||| |||| 000 0 eng d |
| 020 ## - INTERNATIONAL STANDARD BOOK NUMBER | |
| International Standard Book Number | 9789645297242 |
| 035 ## - SYSTEM CONTROL NUMBER | |
| System control number | (BD-RjUL)74216 |
| 040 ## - CATALOGING SOURCE | |
| Original cataloging agency | BD-RjUL |
| Language of cataloging | eng |
| Transcribing agency | BD-RjUL |
| 041 ## - LANGUAGE CODE | |
| Language code of text/sound track or separate title | eng |
| 082 ## - DEWEY DECIMAL CLASSIFICATION NUMBER | |
| Edition number | 23 |
| Classification number | 297.814 |
| Author mark and year | SHW 2011 |
| 100 ## - MAIN ENTRY--PERSONAL NAME | |
| Personal name | Shīrāzī , Nāṣir Makārim |
| 9 (RLIN) | 219716 |
| 245 10 - TITLE STATEMENT | |
| Title | Wahhabism : |
| Remainder of title | at the crossroads / |
| Statement of responsibility, etc. | Nāṣir Makārim Shīrāzī ; Mustapha Muhammadi ; translator |
| 260 ## - PUBLICATION, DISTRIBUTION, ETC. (IMPRINT) | |
| Place of publication, distribution, etc. | Iran : |
| Name of publisher, distributor, etc. | ABWA : |
| Date of publication, distribution, etc. | 2011 |
| 300 ## - PHYSICAL DESCRIPTION | |
| Pagination | 166 P. ; |
| Size | 24 cm. |
| 650 ## - SUBJECT ADDED ENTRY--TOPICAL TERM | |
| Topical term or geographic name as entry element | Wahhābīyah. |
| 9 (RLIN) | 219717 |
| 700 ## - ADDED ENTRY--PERSONAL NAME | |
| Personal name | Muhammadi , Mustapha |
| 942 ## - ADDED ENTRY ELEMENTS (KOHA) | |
| Source of classification or shelving scheme | Dewey Decimal Classification |
| Koha item type | Books |
| Lost status | Source of classification or shelving scheme | Damaged status | Not for loan | Collection code | Permanent Location | Current Location | Shelving location | Date acquired | Source of acquisition | Total Checkouts | Full call number | Date last seen | Copy number | Koha item type |
|---|---|---|---|---|---|---|---|---|---|---|---|---|---|---|
| Dewey Decimal Classification | Not For Loan | Non-fiction | Central Library, University of Rajshahi | Central Library, University of Rajshahi | Reading Room | 06/05/2017 | Embassy Iran | 297.814 SHW 2011 | 17/12/2017 | C-1 | Books |